Statistics for Every South African player in Rugby World Cup 2023

Click here to take the quiz!

General Stats

  • This quiz has been taken 27 times
  • The average score is 25 of 35

Answer Stats

CapsPositionClub/provinceAnswer% Correct
26WingTokyo SungoliathCheslin Kolbe
95%
49Scrum-halfYokohama Canon EaglesFaf de Klerk
95%
77Loose forwardRacing 92Siya Kolisi
95%
113LockSharksEben Etzebeth
90%
65Fly-halfLeicester TigersHandré Pollard
90%
73CentreSaitama Wild KnightsDamian de Allende
85%
33Fly-halfStormersDamian Willemse
80%
70Loose forwardUlsterDuane Vermeulen
80%
10WingBullsKurt-Lee Arendse
80%
39WingSharksMakazole Mapimpi
80%
9Fly-halfStormersManie Libbok
80%
71Loose forwardToyota VerblitzPieter-Steph du Toit
80%
76PropUlsterSteven Kitshoff
80%
87FullbackBullsWillie le Roux
80%
62HookerSharksBongi Mbonambi
70%
8WingBullsCanan Moodie
65%
67LockMie Honda HeatFranco Mostert
65%
63PropStormersFrans Malherbe
65%
5Scrum-halfSharksGrant Williams
65%
23Loose forwardLeicester TigersJasper Wiese
65%
62CentreYokohama Canon EaglesJesse Kriel
65%
35CentreSharksLukhanyo Am
65%
21PropSharksOx Nché
65%
28LockMunsterRG Snyman
65%
26Scrum-halfMontpellierCobus Reinach
60%
7Loose forwardStormersDeon Fourie
60%
4LockMunsterJean Kleyn
60%
63HookerKubota SpearsMalcolm Marx
60%
62PropRacing 92Trevor Nyakane
60%
46PropSharksVincent Koch
60%
14CentreHarlequinsAndré Esterhuizen
55%
13Scrum-halfSharksJaden Hendrikse
55%
34Loose forwardShizuoka Blue RevsKwagga Smith
50%
14Loose forwardBullsMarco van Staden
50%
14LockPerpignanMarvin Orie
50%

Score Distribution

Percentile by Number Answered

Percent of People with Each Score

Your Score History

You have not taken this quiz